Bible lessons from everyday objects. (Record no. 9956)

000 -LEADER
fixed length control field 00615nam a2200193 a 4500
001 - CONTROL NUMBER
control field :::00007741$&:&@@
003 - CONTROL NUMBER IDENTIFIER
control field OkBaRHE
005 - DATE AND TIME OF LATEST TRANSACTION
control field 20000607103339.0
008 - FIXED-LENGTH DATA ELEMENTS--GENERAL INFORMATION
fixed length control field s1985 j 000 0 eng u
040 ## - CATALOGING SOURCE
Transcribing agency
100 1# - MAIN ENTRY--PERSONAL NAME
Personal name Kellogg, Duane and Vonk, Idalee.
245 10 - TITLE STATEMENT
Title Bible lessons from everyday objects.
260 ## - PUBLICATION, DISTRIBUTION, ETC. (IMPRINT)
Place of publication, distribution, etc Cincinnati, OH., :
Name of publisher, distributor, etc Standard Publishing
Date of publication, distribution, etc c1985
300 ## - PHYSICAL DESCRIPTION
Extent 48 p. : illus. ;
Dimensions 22 cm.
650 ## - SUBJECT ADDED ENTRY--TOPICAL TERM
Topical term or geographic name as entry element Object-teaching
700 ## - ADDED ENTRY--PERSONAL NAME
Personal name Vonk, Idalee, Joint author.
942 ## - ADDED ENTRY ELEMENTS (KOHA)
Source of classification or shelving scheme
Koha item type Books
Copies
Damaged status Permanent Location Source of classification or shelving scheme Copy number Price effective from Shelving location Date last seen Barcode Full call number Koha item type Withdrawn status Lost status Date acquired Not for loan
 RHEMA Bible Training College 12010-04-14General Stacks2010-04-147741BV 1535 .K334Books  2010-04-14